| 000 | 00459nam a2200181Ia 4500 | ||
|---|---|---|---|
| 005 | 20250326141413.0 | ||
| 008 | 250326s9999 xx 000 0 und d | ||
| 037 | _aTextbook | ||
| 040 |
_aFMSL _beng _cFMSL |
||
| 041 |
_aeng _2eng |
||
| 084 | _qFMSL | ||
| 100 |
_aSingla ML _9744368 |
||
| 245 | 0 |
_aMIS in public sector _cSingla ML |
|
| 260 |
_aDelhi _bDelhi, Shipra Publications _c1992 |
||
| 300 | _a198p | ||
| 942 | _cTB | ||
| 999 |
_c1290144 _d1290144 |
||